00752nam a2200217 a 450000100100000000500170001000800410002704000250006808200180009310000210011124000780013224500950021026000390030530000210034449000160036550000270038165100300040865100260043865100390046470000310050300003475020200930073900.0111019s1979 mx 000 0 spa d aDO-SdBNPbspacBNPHU a972.91bT967b1 aTuttino, Saverio10aStoria delle rivoluzioni del xx secolo : La rivoluzione cubanalespañol10aBreve historia de la revolución cubana /cSaverio Tuttino ; traductor Ana María Palos. aMéxico, :bEdiciones Era,c1979. a233 p. ;c17 cm. 1aPopular Era aTraducido del italiano 4aCubaxHistoriay1933-1959 4aCubaxHistoriay1959- 4aCubaxHistoriayREVOLUCIÓN, 193312aPalos, Ana María,atrad.